Top 35 Countries in Men's 200 Meters (Hard) - Statistics

General Stats
  • This quiz has been taken 12 times
  • The average score is 12 of 35
Answer Stats
NR Continent Answer % Correct
19.19 North America Jamaica
100%
19.31 North America United States
100%
19.62 North America Canada
92%
19.72 Europe Italy
75%
19.80 Europe France
67%
19.73 Europe United Kingdom
67%
19.63 North America Cuba
58%
19.69 Africa South Africa
58%
19.50 Africa Botswana
50%
19.73 Africa Nigeria
50%
19.89 South America Brazil
42%
19.68 Africa Namibia
42%
19.75 North America Bahamas
33%
19.87 South America Ecuador
33%
20.00 Europe Germany
33%
19.77 North America Trinidad and Tobago
33%
19.76 Asia Turkey
33%
20.02 South America Columbia
25%
19.81 Europe Netherlands
25%
19.98 Europe Poland
25%
19.97 North America Barbados
17%
19.79 Africa Ghana
17%
19.85 Europe Greece
17%
19.83 Africa Liberia
17%
19.81 North America Panama
17%
19.97 South America Suriname
17%
19.88 North America Anitgua and Barbuda
8%
19.88 Asia China
8%
19.91 North America Dominican Republic
8%
19.96 Asia Israel
8%
19.89 Africa Mauritius
8%
19.89 Europe Norway
8%
19.97 Asia Qatar
8%
19.98 Europe Switzerland
8%
19.94 Africa Uganda
8%
No matching quizzes found
Score Distribution
Percent of People with Each Score
Percentile by Number Answered
Your Score History
You have not taken this quiz